Exposición de artistas becarios Fulbright, 1963-1964 en España (Record no. 104971)

MARC details
000 -LEADER
campo de control de longitud fija 00944nam a2200253 i 4500
001 - NÚMERO DE CONTROL
campo de control 104971
003 - IDENTIFICADOR DE NÚMERO DE CONTROL
campo de control ES-MaACL
005 - FECHA Y HORA DE LA ÚLTIMA TRANSACCIÓN
campo de control 20230906183734.0
007 - CAMPO FIJO DE DESCRIPCIÓN FÍSICA--INFORMACIÓN GENERAL
campo de control de longitud fija t|
008 - DATOS DE LONGITUD FIJA--INFORMACIÓN GENERAL
campo de control de longitud fija 060601s1964 sp a |||| | spa d
080 ## - NÚMERO DE LA CLASIFICACIÓN DECIMAL UNIVERSAL
Número de la Clasificación Decimal Universal 75(73)"19":061.43
245 00 - MENCIÓN DEL TÍTULO
Título Exposición de artistas becarios Fulbright, 1963-1964 en España
Resto del título : [Festivales de España, 1964].
260 ## - PUBLICACIÓN, DISTRIBUCIÓN, ETC.
Lugar de publicación, distribución, etc. [Madrid] :
Nombre del editor, distribuidor, etc. Publicaciones Españolas,
Fecha de publicación, distribución, etc. [1964]
300 ## - DESCRIPCIÓN FÍSICA
Extensión [32] p. :
Otras características físicas il. ;
Dimensiones 23 cm.
490 1# - MENCIÓN DE SERIE
Mención de serie Cuadernos de arte. Serie divulgación ;
Designación de volumen o secuencia 5
585 ## - NOTA DE EXPOSICIONES
Nota de exposiciones Catálogo editado con motivo de la exposición en Festivales de España, 1964.
650 14 - PUNTO DE ACCESO ADICIONAL DE MATERIA--TÉRMINO DE MATERIA
Término de materia o nombre geográfico como elemento de entrada Pintura norteamericana-
Subdivisión cronológica S.XX-
Subdivisión general Exposiciones.
9 (RLIN) 16069
655 #7 - TERMINO DE INDIZACIÓN--GENERO/FORMA
Fuente del término tgfbne
9 (RLIN) 193628
Datos o término principal de género/forma Catálogos de exposiciones
710 2# - ENTRADA AGREGADA--NOMBRE DE ENTIDAD CORPORATIVA
Nombre de entidad corporativa o nombre de jurisdicción como elemento de entrada Festivales de España.
9 (RLIN) 4125
830 1# - PUNTO DE ACCESO ADICIONAL DE SERIE-TÍTULO UNIFORME
Título uniforme Cuadernos de arte. Serie divulgación ;
Designación de volumen o secuencia 5
9 (RLIN) 184876
852 ## - LOCALIZACIÓN
Ubicación ES-MaACL
Número de control de estantería 2204-F-2
942 ## - ELEMENTOS DE ENTRADA SECUNDARIOS (KOHA)
Fuente del sistema de clasificación o colocación Clasificación decimal universal
Holdings
Estatus retirado Estado de pérdida Estado de daño No para préstamo Colección Biblioteca de origen Biblioteca actual Ubicación en estantería Fecha de adquisición Fuente de adquisición Total de préstamos Signatura topográfica completa Código de barras Visto por última vez Precio de reemplazo Tipo de ítem Koha
        Colección de folletos Biblioteca del Ateneo de Madrid Biblioteca del Ateneo de Madrid Depósito folletos 17/01/2008     2204-F-2 1109585 23/02/2023 23/02/2023 Folleto